000 00324nam a22001457a 4500
008 221109b ||||| |||| 00| 0 eng d
020 _a2740313422752
041 _aeng
080 _2THIRD EDITION
_a61
082 _a61 COL
100 _a4
101 _aMJK
245 _aMEDICAL TERMINOLOGY
_cCOLLINS E
942 _2udc
_cBK
999 _c58805
_d58805